| 000 | 00355nam a22001457a 4500 | ||
|---|---|---|---|
| 008 | 210224b ||||| |||| 00| 0 eng d | ||
| 020 | _a9720393264371 | ||
| 041 | _aeng | ||
| 080 |
_24th _a37 |
||
| 082 | _a37 | ||
| 100 | _a25 | ||
| 101 | _aEDU | ||
| 245 |
_aThe Norton field guide to writing with readings _cBullock, R & Goggin, M, D |
||
| 942 |
_2udc _cBK |
||
| 999 |
_c55130 _d55130 |
||